Fuel oil manual: for the oil user who wants to know about fuel oil selection, properties, handling, burning, troubles and remedies, together with working data for building heating, power generation, and industrial processes
I tiakina i:
| Kaituhi matua: | |
|---|---|
| Hōputu: | Pukapuka |
| Reo: | Ingarihi |
| I whakaputaina: |
Nueva York
Industrial Press
1951
|
| Ngā marau: | |
| Ngā Tūtohu: |
Tāpirihia he Tūtohu
Kāore He Tūtohu, Me noho koe te mea tuatahi ki te tūtohu i tēnei pūkete!
|
MARC
| LEADER | 00000nam a2200000 a 4500 | ||
|---|---|---|---|
| 001 | UCP2571 | ||
| 003 | CL-VaPUC | ||
| 008 | 990520e19510000US |||||||||||||||||eng|d | ||
| 082 | 0 | 4 | |a 665.5384 |b SCH |2 21 |
| 100 | 0 | |a Schmidt, Paul F |e author |9 429395 | |
| 245 | 1 | 0 | |a Fuel oil manual: for the oil user who wants to know about fuel oil selection, properties, handling, burning, troubles and remedies, together with working data for building heating, power generation, and industrial processes |
| 300 | |a 160 p | ||
| 942 | |c BK | ||
| 945 | |d 19990520 00:00:00 |a cmena | ||
| 260 | |a Nueva York |b Industrial Press |c 1951 | ||
| 650 | 0 | |a Combustibles |9 271720 | |
| 650 | 7 | |a RESIDUOS PETROLIFEROS |2 CL-VaPUC |9 429396 | |
| 650 | 7 | |a TECNOLOGIA DEL PETROLEO |2 CL-VaPUC |9 338072 | |
| 650 | 7 | |a PETROLEO |2 CL-VaPUC |9 320865 | |
| 650 | 7 | |a CONTAMINACION |2 CL-VaPUC |9 258139 | |
| 650 | 0 | |a Residuos industriales |9 261421 | |
| 583 | |a last modification |c 19990520 00:00:00 |k Rodrigo Vera | ||
| 999 | |c 281085 |d 281083 | ||